Loga linii lotniczych latających do Krakowa - Statystyki

Ogólne statystyki
  • Ten quiz został rozwiązany 168 razy
  • Średni wynik to 13 z 20
Statystyki odpowiedzi
Obrazkowy Odpowiedź % Poprawnych
EasyJet
98%
Ryanair
97%
Wizz Air
95%
Flydubai
92%
LOT
91%
Lufthansa
88%
Scandinavian Airlines
88%
SWISS
88%
Buzz
81%
KLM
76%
Air France
64%
British Airways
62%
Norwegian
56%
Finnair
46%
Eurowings
35%
Austrian
34%
Jet2.com
30%
Transavia
28%
Luxair
18%
Aegan
13%
Nie znaleziono quizów pasujących do podanych kryteriów
Rozkład punktacji
Procent ludzi z każdym wynikiem
Percentyl według liczby udzielonych odpowiedzi
Twoja historia wyników
Nie rozwiązałeś tego quizu